zpět

Detail výsledku týmu

U Pošty - Vinohrady ČT, Praha

Datum a čas kvízu

36 Celkem bodů Celkový počet nahraných bodů na tomto kvízu bez doplňovacích otázek.
2. Pořadí na kvízu Konečné umístění týmu na tomto kvízu.

Zaznamenané odpovědi

# Otázka Odpověď Body Výsledky
1. Která 43letá sólová a muzikálo... Michaela Nosková 0
2. Americký deník The New York Ti... C 1
3. Kteří dva hudebníci společně v... Paul McCartney a Ringo Starr 0
4. Minulý týden informovala média... B 1
5. Kapitán stříbrných hokejistů d... Washington Capitals 0
6. Téma začneme jednou z nejoblíb... Matěj Kotrba 1
7. V roce 2023 jsme mohli v kinec... Oppenheimer 1
8. Která herečka si zahrála krásn... Diane Kruger 0
9. Půl bodu obdržíte za název fil... Amadeus; Miloš Forman 1
10. Který režisér je podepsán pod... C 1